Zagraniczni żużlowcy występujący w klubie z Gniezna - Statystyki

Ogólne statystyki
  • Ten quiz został rozwiązany 139 razy
    53 od ostatniego zresetowania
  • Średni wynik to 20 z 68
Statystyki odpowiedzi
Narodowość Lata startów Odpowiedź % Poprawnych
Szwecja 2012-13,22 Antonio Lindbaeck
79%
Dania 1999 Nicki Pedersen
71%
Dania 2012-15 Bjarne Pedersen
68%
USA 1996-97 Greg Hancock
68%
Słowenia 2013 Matej Zagar
68%
Finlandia 2020-21 Timo Lahti
68%
Chorwacja 2018-20 Jurica Pavlic
64%
Wielka Brytania 1999, 11-12 Scott Nicholls
64%
Wielka Brytania 2011 Tai Woffinden
64%
Dania 2022 Michael Jepsen Jensen
61%
Czechy 2012 Ales Dryml
57%
Niemcy 2011 Martin Smolinski
57%
Dania 2021-22 Peter Kildemand
57%
Dania 2021 Frederik Jakobsen
54%
Dania 2019-20 Fredrik Jacobsen
54%
Australia 2010 Jason Doyle
54%
Szwecja 2017-20 Oliver Berntzon
54%
Czechy 2014-15 Matej Kus
50%
Rosja 2019 Andriej Kudriaszow
46%
Czechy 1992-96, 00-02 Antonin Kasper
39%
Czechy 2017-18 Eduard Krcmar
39%
Szwecja 2006, 12 Magnus Zetterstroem
39%
Szwecja 2014, 18 Kim Nilsson
36%
Szwecja 2014-15, 17 Jonas Davidsson
32%
Szwecja 2004, 09-10,21 Peter Ljung
32%
Szwecja 2021-22 Philip Hellstroem-Baengs
32%
Australia 2013 Davey Watt
29%
Dania 1999 Hans Andersen
29%
Niemcy 2008 Kevin Woelbert
29%
Łotwa 2004 Andriej Korolew
25%
Szwecja 2015 Jacob Thorssell
25%
Łotwa 2007 Kjastas Puodżuks
25%
Szwecja 2011 Simon Gustafsson
25%
Dania 2008 Simon Nielsen
25%
Rosja 2014-15 Wadim Tarasienko
25%
Czechy 2009, 13 Filip Sitera
21%
Szwecja 1997-99 Jimmy Nilsen
21%
Wielka Brytania 2011 Lewis Bridger
21%
Słowenia 2010 Matej Ferjan
21%
Łotwa 1992-94 Nikołaj Kokin
21%
Szwecja 2010 Linus Sundstroem
18%
Dania 2003, 06, 11 Jesper Monberg
14%
Finlandia 2002, 07 Kai Laukkanen
14%
Dania 2008 Krister Jacobsen
14%
Dania 2015 Mikkel Bech
14%
Czechy 1991 Zdenek Holub
14%
Chorwacja 2011 Dino Kovacic
11%
Wielka Brytania 2007 Oliver Allen
11%
Australia 2014 Rohan Tungate
11%
Szwecja 2003-06 Stefan Andersson
11%
Wielka Brytania 2015 Kyle Newman
7%
Szwecja 2007-09 Linus Ekloef
7%
Szwecja 2009-10 Robin Aspegren
7%
Australia 1998 Shane Parker
7%
Rosja 2007 Siergiej Darkin
7%
Wielka Brytania 2007 Simon Stead
7%
Niemcy 2006 Tobias Busch
7%
Dania 2008-09 Claus Vissing
4%
Dania 2001-02 Gert Handberg
4%
Dania 2015 Jesper Soegaard
4%
Czechy 1991 Karel Prusa
4%
Szwecja 2008 Kim Jansson
4%
Dania 2009 Morten Risager
4%
Czechy 1992 Pavel Karnas
4%
Czechy 1991 Pavel Koten
4%
Szwecja 2006 Sebastian Alden
4%
Wielka Brytania 1992 Simon Cross
4%
Australia 1997 Steve Johnston
4%
Nie znaleziono quizów pasujących do podanych kryteriów
Rozkład punktacji
Procent ludzi z każdym wynikiem
Percentyl według liczby udzielonych odpowiedzi
Twoja historia wyników
Nie rozwiązałeś tego quizu od ostatniego zresetowania